International business in the Pacific Basin

Gardado en:
Detalles Bibliográficos
Autor Principal: Mason, R. Hal (autor)
Formato: Libro
Idioma:inglés
Publicado: Lexington Lexington Books 1978
Subjects:
Tags: Engadir etiqueta
Sen Etiquetas, Sexa o primeiro en etiquetar este rexistro!

MARC

LEADER 00000nam a2200000 a 4500
001 UCR8451
003 CL-VaPUC
008 980529e19780000US |||||||||||||||||eng|d
082 0 4 |a 382  |b MAS  |2 21 
100 |a Mason, R. Hal  |e autor  |9 410181 
245 1 0 |a International business in the Pacific Basin 
300 |a 213 p 
942 |c BK 
945 |d 19980529 00:00:00  |a cmena 
260 |a Lexington  |b Lexington Books  |c 1978 
650 7 |a COMERCIO INTERNACIONAL  |2 CL-VaPUC  |9 410182 
650 0 |a Comercialización   |9 259326 
650 0 |a Acuerdos internacionales  |9 337381 
650 0 |a Marketing  |9 259324 
650 7 |a SISTEMAS ECONOMICOS INTERNACIONALES  |2 CL-VaPUC  |9 338633 
650 0 |a Políticas económicas  |9 353940 
650 7 |a COMPETENCIA INTERNACIONAL  |2 CL-VaPUC  |9 378172 
583 |a last modification  |c 19980529 00:00:00  |k Rodrigo Vera 
999 |c 269855  |d 269853